000 01096nam a22002537a 4500
005 20240305165410.0
007 cr|||| ||||
008 130402e2010 mx |||||s|||| 00||0 spa d
020 _a978-368-726-534-4
035 _a10947
040 _avLex
090 _c4093
_d4093
100 1 0 _aLuna Guerra, Antonio
245 1 0 _aEstudio Práctico del Régimen Fiscal del Autotransporte federal y local
_c/ Antonio Luna Guerra
_h[Recurso electrónico]
256 _aServicio en línea
260 _aMéxico D.F. :
_bEdiciones Fiscales ISEF,
_c2010
300 _a1 Recurso electrónico
506 _aContenido solo disponible en los productos indicados
_dvLex Global
_dvLex Global (Academic Edition, excluding Law Schools)
_dvLex Global (U.S. Academic Edition, Law Schools)
_dvLex Global (U.S. Academic Edition, excluding Law Schools)
_dvLex Global (Academic Edition, Law Schools)
650 0 4 _aDerecho tributario
_zMéxico
650 0 4 _aTransporte
_zMéxico
740 _avLex Libros (Servicio en línea)
856 _aAcceso restringido
_uhttp://www.vlex.com/source/10947
942 _cRAA
999 _c162463
_d162463